Central Library OPAC University of Rajshahi

Export marketing : (Record no. 61995)

MARC details
000 -LEADER
fixed length control field 00704nam a2200241 a 4500
001 - CONTROL NUMBER
control field 61995
003 - CONTROL NUMBER IDENTIFIER
rucl marc code BD-RjUL
005 - DATE AND TIME OF LATEST TRANSACTION
control field 20211209081028.0
008 - FIXED-LENGTH DATA ELEMENTS--GENERAL INFORMATION
fixed length control field 170122s1998 ii b s100 0 eng
020 ## - INTERNATIONAL STANDARD BOOK NUMBER
International Standard Book Number 8175441666
035 ## - SYSTEM CONTROL NUMBER
System control number (BD-RjUL)62120
040 ## - CATALOGING SOURCE
Original cataloging agency DLC
Transcribing agency DLC
Modifying agency BD-RjUL
Language of cataloging eng
041 ## - LANGUAGE CODE
Language code of text/sound track or separate title eng
082 00 - DEWEY DECIMAL CLASSIFICATION NUMBER
Classification number 658.840954
Edition number 23
Author mark and year RAE 1998
100 1# - MAIN ENTRY--PERSONAL NAME
Personal name Ramu, S. Shiva
9 (RLIN) 184483
245 10 - TITLE STATEMENT
Title Export marketing :
Remainder of title a practical guide for exporters /
Statement of responsibility, etc. S. Shiva Ramu.
260 ## - PUBLICATION, DISTRIBUTION, ETC. (IMPRINT)
Place of publication, distribution, etc. New Delhi :
Name of publisher, distributor, etc. Wheeler Pub.,
Date of publication, distribution, etc. 1998.
300 ## - PHYSICAL DESCRIPTION
Pagination xi,149 p. ;
Size 23 cm.
504 ## - BIBLIOGRAPHY, ETC. NOTE
Bibliography, etc Includes bibliographical references.
650 #0 - SUBJECT ADDED ENTRY--TOPICAL TERM
Topical term or geographic name as entry element Export marketing
Geographic subdivision India
9 (RLIN) 184484
942 ## - ADDED ENTRY ELEMENTS (KOHA)
Source of classification or shelving scheme Dewey Decimal Classification
Koha item type Books
Holdings
Lost status Source of classification or shelving scheme Damaged status Not for loan Collection code Permanent Location Current Location Shelving location Date acquired Source of acquisition Cost, normal purchase price Total Checkouts Full call number Date last seen Copy number Koha item type
  Dewey Decimal Classification   Not For Loan Non-fiction Central Library, University of Rajshahi Central Library, University of Rajshahi Reading Room 25/11/2002 smarts books, dhaka 140.63   658.840954 RAE 1998 22/01/2017 C-1 Books